000 01460nam a2200313 c 4500
003 BLK
005 20181012174405.0
008 180412b bul|||||r ||||||| ||bul||
010 _aKNG00011779000
020 _a954-8243-10-5
_bиздат.: Бахайска общност - България
040 _aBLK
041 _aBUL
_cBUL
080 _aПерсийски религии - Митраизъм. Зороастризъм(Авеста или Зенд-Авест). Парсизъм. Маздеизъм. Манихейство. Вж и 298 Бахайска вяра; 299. 1
_b295
_x
_z295
100 1 _aБаха'у'лла
_eпърви автор
_9252110
139 _aБаха'у'лла
_bБ 30
245 1 0 _aПодбрани откъси от писанията на Бахаулла
_cБаха'у'лла.
257 _aPRS
260 София
_bБахайска общност - България
_c1995
300 _a277 с.
_c20 см
380 _a2
500 _aПрев. е направен от Gleanings from the writings of Baha'ullah ; Ориг. загл. на фарси. -Изд. на Нац. духовен съвет на бахаите в България. - 1 000 тир. - Речник
650 4 _aБахайска вяра
_9148196
653 _aбахайска вяра
852 _aЦб 188319
856 4 _qpdf
_u
856 4 _qpdf
_u
942 _cKNG
_n0
_01
944 _aCR
_c15.01.2003
_kЦветанка_Енчева
944 _aED
_c16.01.2007
_k
999 _c10295
_d10295